<?xml version="1.0" encoding="UTF-8"?>
<marc:record xmlns:marc="http://www.loc.gov/MARC21/slim">
   <marc:leader>00000nam a2200000 a 4500</marc:leader>
   <marc:datafield ind1="0" ind2="0" tag="245">
      <marc:subfield code="a">über Stock und Stein</marc:subfield>
   </marc:datafield>
   <marc:datafield ind1="0" ind2="0" tag="245">
      <marc:subfield code="b">ab 7 Jahren - für 2 bis 4 Spieler - Spieldauer: ca. 20 Min.</marc:subfield>
   </marc:datafield>
   <marc:datafield ind1=" " ind2="1" tag="264">
      <marc:subfield code="a">Berlin</marc:subfield>
      <marc:subfield code="b">Schmidt Spiele GmbH</marc:subfield>
      <marc:subfield code="c">2018</marc:subfield>
   </marc:datafield>
   <marc:datafield ind1="1" ind2=" " tag="520">
      <marc:subfield code="a">Oh je! Das kleine Fohlen Cookie hat allein die Koppel verlassen. Neugierig hat es seine Umgebung erkundet und sich dabei ziemlich weit vom Lakeside Hof entfernt. Ihr seid die Horse-Club-Freundinnen Sofia, Hannah, Lisa und Sarah. Gemeinsam helft ihr Cookie, den Weg zurück zum Reiterhof zu finden. Beeilt euch, damit das Fohlen noch vor Einbruch der Dunkelheit seinen Stall erreicht!</marc:subfield>
   </marc:datafield>
   <marc:datafield ind1="3" ind2=" " tag="024">
      <marc:subfield code="a">4001504405861</marc:subfield>
   </marc:datafield>
   <marc:datafield ind1="0" ind2=" " tag="490">
      <marc:subfield code="v">0</marc:subfield>
   </marc:datafield>
</marc:record>
